000 00830nam a22002777a 4500
001 240017
003 DO-SdBNP
005 20180124104437.0
007 240017
008 160317b 1994 sp |||| 00| 0 spa d
020 _a8401464617
040 1 7 _aBPMSU
_bspa
_cBPMSU
041 1 7 _aspa
_heng
092 _axxxx
_bxxxx
100 1 _aWodehouse, P. G.,
_d1881-1975.
240 1 0 _aThe heart of a goof.
_lEspañol
245 1 0 _aDieciocho hoyos /
_cP.G. Wodehouse ; traducción de Luis Jordá.
260 _aBarcelona :
_bPlaza & Janés,
_c1994.
300 _a226 p. ;
_c18 cm
490 1 _aLos jet de Plaza & Janés ;
_v233/1
700 1 2 _aJordá, Luis,
_etr.
830 0 _pLos jet de Plaza & Janés ;
_v 233/1
942 _2ddc
_cBK
945 _a Inventariado extranjero / 2018 VM
956 _2
_aVMATEO
_b10
_c20180124
_dBPMSU
_f0069
999 _c9279
_d9279